Responses for Show #801 - Monday, February 15, 1988

1988 Teen Tournament semifinal game 1.

Contestants

[<< previous game]

David Javerbaum, a junior from Maplewood, New Jersey

Neil Gronowetter, a junior from Woodmere, New York

Sascha Dublin, a senior from Del Mar, California

[next game >>]

Jeopardy! Round responses

ZOOLOGY
BASKETBALL
TEENS ON TV
THE BIBLE
THE GIRL SCOUTS
"LING" O
    $100 24
(Sascha: What are carpenter ants?)

termites

Sascha
Triple Stumper
    $100 26
[The end-of-round signal sounds.]

the Olympic Games

Neil
    $100 25
Emmanuel Lewis

Neil
    $100 20
(Alex: We've got a minute to go in the round.)

Queen of Sheba

Sascha
    $200 12
(Neil: What are piranhas?)

killer bees

NeilDJ
    $200 15
foul shots (free throws)

Neil
    $200 22
The Cosby Show

Sascha
    $200 19
Babylon

DJ
    $200 2
(Neil: What is a gosling?)

duckling

SaschaNeil
    $300 11
(David: What are mouths?)
(Alex: 50 mouths? Sounds interesting... I'd like to see that animal, David!)

teeth

SaschaDJ
    $300 14
Larry Bird

DJ
    $300 17
Knots Landing

Neil
    $300 18
stealing (theft)

Sascha
    $300 21
(David: What are Brownies?)

Daisies

NeilDJ
    $300 1
["What A Feeling" from Flashdance]
(Sascha: What is dancing?)

[The song is reprised going into the break.]

feeling

Sascha
    $400 10
antelopes

Triple Stumper
    $400 13
(David: What is the backcourt?)

back door

DJ
Triple Stumper
    $400 16
Valerie's Family & Family Ties

Neil
    $400 9
Paul

Sascha
    $400 23
Sandra Day O'Connor

Neil
    $400 3
shilling

DJ
    $500 7
bivalves

Neil
    $500 5
(Dr. James) Naismith

DJ
    $500 8
(U.) S.S. Enterprise

Neil
    $500 6
Egypt

DJ
    $500 4
inkling

DJ

Scores at the first commercial break (after clue 9):

Sascha Neil DJ
$300 $800 $1,900

Scores at the end of the Jeopardy! Round:

Sascha Neil DJ
$1,100 $2,400 $1,600

Double Jeopardy! Round responses

HISTORICAL OPERAS
ASIA
INVENTIONS
STATE FLAGS
ELIZABETHS
ONLYS
    $200 19
Attila the Hun

DJ
    $200 27
Turkey

DJ
    $200 24
(Alex: We've got a minute to go.)

bifocals

Sascha
    $200 26
anchor

DJ
    $200 29
Elizabeth Montgomery

Sascha
    $200 25
Yeshiva (or Yale or Youngstown State)

DJ
    $400 15
France

Neil
    $400 28
India & China

DJ
    $400 23
(David: Who was Morse?)

Alexander Graham Bell

NeilDJ
    $400 20
Nevada

Neil
    $400 30
Elizabeth Dole

Sascha
    $400 17
Pluto, Neptune & Uranus

Sascha
    $600 14
Ivan the Terrible

Sascha
    $3,000 12
(Alex: [**] and [***] were some of the others.)

New Delhi (or Ulan Bator or Phnom Penh)

DJ
    $600 16
microscope

DJ
    $600 18
the Big Dipper

Triple Stumper
    $600 22
the Queen Mother

Triple Stumper
    $600 10
pearl

Triple Stumper
    $800 1
(Sascha: Who is Figaro?)

William Tell

SaschaDJ
    $800 3
Lebanon

Neil
    $800 5
(Neil: What is movable type?)
(David: What is clothing?)

grapes or olives

NeilDJ
Triple Stumper
    $800 13
Louisiana

DJ
    $800 7
Bess Truman

DJ
    $800 9
Maine

DJ
    $800 6
Anne Boleyn

Sascha
    $1000 2
Cambodia

DJ
    $1000 4
ruby

Sascha
    $1000 11
it's the 17th state

DJ
    $1000 21
Wimpole Street

Triple Stumper
    $1000 8
Charlotte

Sascha

Scores at the end of the Double Jeopardy! Round:

Sascha Neil DJ
$4,900 $3,600 $10,400
(lock game)

[wagering suggestions for these scores]

Final Jeopardy! Round responses

1987
NeilWho is Joe ("Xerox") Biden?
$3,600
SaschaWho is Biden?
$4,850
DJWho is Biden?
$0
Joseph Biden

Final scores:

Sascha Neil DJ
$9,750 $7,200 $10,400
2nd place: $5,000 3rd place: $5,000 Finalist

Game dynamics:

Coryat scores:

Sascha Neil DJ
$5,400 $3,600 $8,000
14 R
(including 1 DD),
3 W
(including 1 DD)
13 R,
3 W
20 R
(including 1 DD),
5 W

Combined Coryat: $17,000

[game clues] [game scores] [suggest correction]

Game tape date: 1988-01-05
The J! Archive is created by fans, for fans. Scraping, republication, monetization, and malicious use prohibited; this site may use cookies and collect identifying information. See terms. The Jeopardy! game show and all elements thereof, including but not limited to copyright and trademark thereto, are the property of Jeopardy Productions, Inc. and are protected under law. This website is not affiliated with, sponsored by, or operated by Jeopardy Productions, Inc. Join the discussion at JBoard.tv.